Every NCAA Division I School in Connecticut - Statistics

General Stats
  • This quiz has been taken 43 times
  • The average score is 4 of 6
Answer Stats
Answer Conference % Correct
UCONN Big East
100%
Yale Ivy League
100%
Fairfield MAAC
58%
Quinnipiac MAAC
55%
Central Connecticut St. Northeast
48%
Sacred Heart MAAC
45%
No matching quizzes found
Score Distribution
Percent of People with Each Score
Percentile by Number Answered
Your Score History
You have not taken this quiz